| 000 | 00566nam a22001817a 4500 | ||
|---|---|---|---|
| 005 | 20251108164023.0 | ||
| 008 | 250721s1984 xx 000 0 ara d | ||
| 082 | 1 | 4 | _a189/سين |
| 100 | 1 | _aإبن سينا، أبو علي الحسين بن عبد الله | |
| 245 | 1 | 0 | _aشرح الأشارات / |
| 264 | 1 |
_aمصر : _bالمطبعة الخيرية، _c1984. |
|
| 300 | _a2ج | ||
| 650 | 1 | 7 | _aالفلسفة الإسلامية |
| 700 | 1 | _aالطوسي، نصيرالدين | |
| 700 | 1 | _aالرازى، فخر الدين | |
| 942 |
_2ddc _cBK |
||
| 999 |
_c1618 _d1618 |
||